| 000 | 01303cac a2200349 i 4500 | ||
|---|---|---|---|
| 003 | EG-GICUC | ||
| 005 | 20260121101408.0 | ||
| 008 | 950505s1995 enk frb 001 0 eng d | ||
| 020 | _a9780198259336 | ||
| 020 | _a0198259336 | ||
| 040 |
_aDLC _cDLC _dDLC _dEG-GICUC _beng _erda |
||
| 043 | _ae-uk--- | ||
| 050 | 0 | 0 |
_aK3238.31966 _b.I58 1995 |
| 082 | 0 | 0 |
_a341.48042 _221 |
| 092 | 0 | 4 | _221 |
| 099 | _aLaw 08 1995 | ||
| 245 | 0 | 4 |
_aThe International Covenant on Civil and Political Rights and United Kingdom law / _cedited by David Harris and Sarah Joseph. |
| 264 |
_aOxford : _bClarendon Press ; _aNew York : _bOxford University Press, _c1995. |
||
| 300 |
_axviii, 699 page ; _c24 cm. |
||
| 336 |
_atext _btxt _2rdacontent |
||
| 337 |
_aunmediated _bn _2rdamedia |
||
| 338 |
_avolume _bnc _2rdacarrier |
||
| 504 | _aIncludes bibliographical references and index. | ||
| 630 | 0 | 0 |
_aInternational Covenant on Civil and Political Rights _d(1966 December 16) |
| 650 | 0 |
_aHuman rights _zGreat Britain. |
|
| 700 | 1 |
_aHarris, D. J. _q(David John) |
|
| 700 | 1 |
_aJoseph, Sarah _q(Sarah Louise) |
|
| 856 | 4 | 2 | _uhttps://fll.law.cu.edu.eg/fulltext/bks/ENGB08-00061.pdf |
| 856 | 4 | 2 |
_3Publisher description _uhttp://www.loc.gov/catdir/enhancements/fy0606/95011271-d.html |
| 905 | _a10 | ||
| 942 |
_2ddc _cBK _e21 _n0 |
||
| 999 |
_c47466 _d47466 |
||